| 000 | 00473nam a22001697a 4500 | ||
|---|---|---|---|
| 008 | 130814b xxu||||| |||| 00| 0 eng d | ||
| 020 | _a9-7801-9957-6807 | ||
| 082 |
_221 ed. _a342.066 SEA |
||
| 100 | _aSealy, Len | ||
| 245 |
_aSealy's cases and materials in company law / _c Len Sealy |
||
| 250 | _a9 ed. | ||
| 260 |
_aUSA : _bOxford university press _c2010 |
||
| 300 |
_alx, 790 P. ; _c25 cm. |
||
| 500 | _aIncludes Index | ||
| 650 | _acompany law | ||
| 942 |
_2ddc _cBK |
||
| 999 |
_c5475 _d5475 |
||